000 00547nam a22001817a 4500
005 20170215094325.0
008 170206b xxu||||| |||| 00| 0 eng d
020 _a9780156033909
040 _cPK-LaUMT
082 _a153
_bTAV-M
100 _aTavris , Carol
245 _aMistakes were made (but not by me):
_bwhy we justify foolish beliefs, bad decisions, and hurtful acts/
_cCarol Tavris and Elliot Aronson
260 _aOrlando:
_bA harvest book,
_c2007
300 _a292 p.
546 _aen
650 _aCognitive dissonance
942 _cBK
999 _c90846
_d90846